| 000 | 00736pam a2200205 a 4500 | ||
|---|---|---|---|
| 020 | _a0471028533 (acidfree paper) | ||
| 082 | 0 | 0 |
_a624.25 _bTRO |
| 100 | 1 |
_aTroitsky, M. S. _943407 |
|
| 245 | 1 | 0 |
_aPlanning and design of bridges / _cM.S. Troitsky. |
| 260 |
_aNew York : _bJ. Wiley, _cc1994. |
||
| 300 |
_axviii, 318 p. : _bill. ; _c25 cm. |
||
| 526 |
_a0 _b0 _c0 _d624_250000000000000_TRO |
||
| 650 | 0 |
_aBridges _xDesign and construction. _9801 |
|
| 650 | 0 |
_aBridges _xPlanning. _943408 |
|
| 650 | 0 |
_aMCE _9379 |
|
| 856 | 4 | _uhttp://www.loc.gov/catdir/toc/onix01/94006946.html | |
| 856 | 4 | 2 | _uhttp://www.loc.gov/catdir/bios/wiley041/94006946.html |
| 856 | 4 | 2 | _uhttp://www.loc.gov/catdir/description/wiley031/94006946.html |
| 942 |
_2ddc _cBK |
||
| 999 |
_c547228 _d547228 |
||